000 00291nam a22001337a 4500
008 181010b xxu||||| |||| 00| 0 eng d
020 _a9780534261481
041 _aeng
080 _23rd
_a658
100 _a54
101 _aLID
245 _aGroup Dynamics
_cForsyth,D.R
942 _2udc
_cBK
999 _c49261
_d49261